[Event "AUT98_M-ch"]
[Site "Werfen"]
[Date "1998.08.15"]
[Round "8.7"]
[White "Weiss, Christian"]
[Black "Brandner, Stefan"]
[Result "1-0"]
[WhiteElo "2370"]
[BlackElo "2340"]
[PlyCount "43"]
[EventDate "1998.08.15"]

1. d4 d5 2. c4 e6 3. Nc3 c5 4. e3 Nf6 5. Nf3 Nc6 6. a3 Ne4 7. Bd3 Nxc3 8. bxc3
Be7 9. O-O O-O 10. Qc2 h6 11. Bb2 Na5 12. Ne5 dxc4 13. Nxc4 Nxc4 14. Bxc4 b6
15. f4 Bb7 16. f5 Bg5 17. fxe6 Bxe3+ 18. Kh1 Qh4 19. exf7+ Kh8 20. Qg6 Bf4 21.
Rxf4 Qxf4 22. Bd3 1-0

[Event "AUT98_M-ch"]
[Site "Werfen"]
[Date "1998.08.15"]
[Round "8.8"]
[White "Titz, Heimo"]
[Black "Hardt, Christian"]
[Result "1-0"]
[WhiteElo "2310"]
[BlackElo "2135"]
[PlyCount "75"]
[EventDate "1998.08.15"]

1. c4 g6 2. e4 Bg7 3. d4 d6 4. Nc3 Nf6 5. Nf3 O-O 6. Be2 a5 7. O-O Na6 8. Bg5
h6 9. Be3 Ng4 10. Bc1 e5 11. dxe5 Nxe5 12. Be3 Be6 13. Nxe5 dxe5 14. Qb3 Qd6
15. a3 b6 16. Rfd1 Nc5 17. Qb5 Qe7 18. Nd5 Bxd5 19. cxd5 Nxe4 20. Rac1 Nd6 21.
Qc6 Ra7 22. Rc2 Qe8 23. Bxb6 Qxc6 24. dxc6 cxb6 25. Rxd6 Rc8 26. Bg4 f5 27. Be2
Kh7 28. h4 Bf8 29. Rd5 e4 30. h5 Bc5 31. Bb5 Rf8 32. Rcd2 g5 33. Re5 Kg7 34.
Rd7+ Rxd7 35. cxd7 Bd6 36. Rxf5 Bc7 37. Rd5 Bd8 38. Re5 1-0

[Event "AUT98_M-ch"]
[Site "Werfen"]
[Date "1998.08.15"]
[Round "8.9"]
[White "Wittmann, Walter "]
[Black "Hansen, Kay "]
[Result "0-1"]
[WhiteElo "2380"]
[BlackElo "2120"]
[PlyCount "74"]
[EventDate "1998.08.15"]

1. e4 c6 2. d4 d5 3. Nd2 dxe4 4. Nxe4 Bf5 5. Nc5 Qc8 6. Nf3 Nf6 7. Be2 e6 8.
Nd3 Bd6 9. O-O Nbd7 10. c4 c5 11. b3 O-O 12. Bb2 Rd8 13. Qc1 a6 14. Rd1 Qc7 15.
h3 Rac8 16. dxc5 Nxc5 17. Nxc5 Bxc5 18. Bd4 Ne4 19. Qb2 Rxd4 20. Nxd4 Nxf2 21.
Kxf2 Qf4+ 22. Ke1 Rd8 23. b4 Bxd4 24. Rxd4 Rxd4 25. Rd1 Qg3+ 26. Kf1 Rxd1+ 27.
Bxd1 Bd3+ 28. Be2 Qf4+ 29. Ke1 Qe3 30. c5 Qg1+ 31. Kd2 Bxe2 32. Qe5 Qd1+ 33.
Ke3 h6 34. Qb8+ Kh7 35. Qxb7 Bb5 36. Qxf7 Qd3+ 37. Kf4 Qf1+ 0-1

[Event "AUT98_M-ch"]
[Site "Werfen"]
[Date "1998.08.15"]
[Round "8.10"]
[White "Schumi, Manfred "]
[Black "Neubauer, Martin "]
[Result "0-1"]
[WhiteElo "2260"]
[BlackElo "2305"]
[PlyCount "96"]
[EventDate "1998.08.15"]

1. e4 c5 2. Nf3 d6 3. d4 cxd4 4. Nxd4 Nf6 5. Nc3 Nc6 6. g3 g6 7. Bg2 Nxd4 8.
Qxd4 Bg7 9. Bg5 O-O 10. O-O Be6 11. Qd2 Ng4 12. Nd5 Re8 13. c3 Rc8 14. Rfe1 Qd7
15. h3 Ne5 16. Nf4 Nc4 17. Qe2 b5 18. Rac1 h6 19. Nxe6 Qxe6 20. Bd2 Nxb2 21.
Qxb5 Nc4 22. Be3 Nxe3 23. Rxe3 Qxa2 24. Re2 Qa3 25. Rcc2 Bxc3 26. Re3 Qb4 27.
Qxb4 Bxb4 28. Rxc8 Rxc8 29. e5 Rc1+ 30. Kh2 dxe5 31. Rxe5 Rc2 32. Rb5 a5 33. f4
Bc3 34. h4 a4 35. Rb8+ Kg7 36. Ra8 Ra2 37. Kh3 Be1 38. Bf3 Ra3 39. Kg2 e6 40.
Ra7 Ra2+ 41. Kh3 Bf2 42. Ra5 h5 43. Ra6 Bc5 44. Rc6 Bg1 45. g4 a3 46. gxh5 Rh2+
47. Kg3 Rd2 48. Be4 a2 0-1

[Event "AUT98_M-ch"]
[Site "Werfen"]
[Date "1998.08.15"]
[Round "8.11"]
[White "Hiermann, Dietmar"]
[Black "Posch, Werner"]
[Result "1/2-1/2"]
[WhiteElo "2205"]
[BlackElo "2295"]
[PlyCount "109"]
[EventDate "1998.08.15"]

1. e4 Nf6 2. e5 Nd5 3. d4 d6 4. Nf3 dxe5 5. Nxe5 g6 6. Qf3 Be6 7. Bc4 Bg7 8.
Nc3 c6 9. O-O Nd7 10. Nxd5 Nxe5 11. dxe5 Bxd5 12. Bxd5 Qxd5 13. Qxd5 cxd5 14.
f4 Rc8 15. c3 e6 16. Be3 a6 17. Bd4 h5 18. Kf2 Rc4 19. Ke3 Kd7 20. Kd3 Bf8 21.
g3 Be7 22. h3 b5 23. Rh1 b4 24. cxb4 Bxb4 25. Rac1 Rhc8 26. Rxc4 Rxc4 27. b3
Rc8 28. Bb2 Bc5 29. Rc1 Bf2 30. Rxc8 Kxc8 31. g4 hxg4 32. hxg4 Kd7 33. Bc3 Kc6
34. a4 Bg3 35. Bd2 g5 36. f5 exf5 37. gxf5 g4 38. Bc3 Bf2 39. Ke2 d4 40. Bb4
Bh4 41. e6 fxe6 42. fxe6 Bg5 43. e7 Kd7 44. Bc5 Bf6 45. Kf2 d3 46. Ke3 Bxe7 47.
Bxe7 Kxe7 48. Kxd3 a5 49. Ke4 Kd6 50. Kf4 Kc5 51. Kxg4 Kb4 52. Kf3 Kxb3 53. Ke3
Kxa4 54. Kd2 Kb3 55. Kc1 1/2-1/2

[Event "AUT98_M-ch"]
[Site "Werfen"]
[Date "1998.08.15"]
[Round "8.12"]
[White "Stichlberger, Martin "]
[Black "Raffalt, Manfred"]
[Result "1-0"]
[WhiteElo "2113"]
[BlackElo "2180"]
[PlyCount "101"]
[EventDate "1998.08.15"]

1. Nc3 d5 2. e4 e6 3. Nf3 Nf6 4. e5 Nfd7 5. g3 c5 6. Bg2 Nc6 7. Qe2 Be7 8. O-O
O-O 9. d3 Rb8 10. h4 b5 11. Re1 b4 12. Nb1 Ba6 13. b3 Ndxe5 14. Nxe5 Nxe5 15.
Bf4 f6 16. Nd2 Rb6 17. Bh3 Bc8 18. h5 Nf7 19. g4 Bd6 20. Bxd6 Qxd6 21. a3 a6
22. Qe3 e5 23. Qg3 bxa3 24. Rxa3 c4 25. Rea1 cxd3 26. cxd3 Rb4 27. Ra4 Rxa4 28.
Rxa4 Bd7 29. Ra1 Qb4 30. Qe3 Ng5 31. Bg2 Qxg4 32. Qg3 Qd4 33. Ra5 Bb5 34. Nf1
e4 35. Ne3 Qxd3 36. h6 gxh6 37. Qd6 Qb1+ 38. Kh2 Qe1 39. Qxd5+ Nf7 40. Ra2 Be2
41. Qxe4 Qxf2 42. Nf1 Ng5 43. Qxe2 Nf3+ 44. Qxf3 Qxa2 45. Qg3+ Kh8 46. Qd6 Kg7
47. Ng3 Qf2 48. Kh3 Rf7 49. Nh5+ Kg6 50. Be4+ Kxh5 51. Qd1+ 1-0

[Event "AUT98_M-ch"]
[Site "Werfen"]
[Date "1998.08.15"]
[Round "8.13"]
[White "Roth, Peter"]
[Black "Hellmayr, Alois "]
[Result "0-1"]
[WhiteElo "2275"]
[BlackElo "2240"]
[PlyCount "58"]
[EventDate "1998.08.15"]

1. e4 c5 2. Nf3 e6 3. d4 cxd4 4. Nxd4 a6 5. Bd3 g6 6. Nc3 Bg7 7. Nde2 Ne7 8. h4
d5 9. Ng3 h5 10. O-O Nbc6 11. Bg5 d4 12. Nce2 Ne5 13. a3 Ng4 14. Rc1 Bd7 15. c3
dxc3 16. Nxc3 Rc8 17. Nce2 Rxc1 18. Qxc1 Qb6 19. Bb1 Nc6 20. Nc3 Bd4 21. Nd1
Nce5 22. Ne2 Bc5 23. Nec3 O-O 24. Qd2 f6 25. Bf4 Rd8 26. Qe2 Bd4 27. Kh1 Rc8
28. Bd2 Bxc3 29. Nxc3 Rxc3 0-1

[Event "AUT98_M-ch"]
[Site "Werfen"]
[Date "1998.08.15"]
[Round "8.14"]
[White "Hebesberger, Thomas"]
[Black "Freitag, Manfred"]
[Result "1-0"]
[WhiteElo "2195"]
[BlackElo "2400"]
[PlyCount "120"]
[EventDate "1998.08.15"]

1. d4 Nf6 2. Nf3 d6 3. c3 Nbd7 4. Bg5 h6 5. Bh4 g5 6. Bg3 Nh5 7. e3 Bg7 8. Nfd2
Ndf6 9. Be2 Nxg3 10. hxg3 Bf5 11. Nf3 e6 12. Bd3 Bxd3 13. Qxd3 g4 14. Nfd2 d5
15. b4 c6 16. Nb3 Qd6 17. N1d2 h5 18. a4 Kf8 19. a5 Re8 20. Nc5 Re7 21. b5 e5
22. bxc6 bxc6 23. Qf5 exd4 24. cxd4 Bh6 25. Ra3 Kg7 26. Rb3 Rb8 27. O-O Rxb3
28. Ndxb3 Re8 29. a6 Kh8 30. Nb7 Qe6 31. Qxe6 fxe6 32. N3a5 e5 33. Nxc6 exd4
34. Nxd4 Nd7 35. Nf5 Bf8 36. Rb1 Nb8 37. Nbd6 Bxd6 38. Nxd6 Rf8 39. Rb7 Nxa6
40. Rxa7 Nb4 41. Ra5 Rf6 42. Rb5 Rxd6 43. Rxb4 Ra6 44. Rb5 Ra1+ 45. Kh2 Rd1 46.
e4 dxe4 47. Rxh5+ Kg7 48. Rg5+ Kh6 49. Rxg4 Rd2 50. Rf4 Kg5 51. Rf8 Kg4 52. Rf7
Re2 53. Rf8 Ra2 54. Rg8+ Kf5 55. Kh3 Ke5 56. Rf8 Ra7 57. g4 Rh7+ 58. Kg3 Rg7
59. Rf5+ Kd4 60. Kf4 Kd3 1-0

[Event "AUT98_M-ch"]
[Site "Werfen"]
[Date "1998.08.15"]
[Round "8.15"]
[White "Obermayr, Hermann"]
[Black "Moser, Guenter "]
[Result "1-0"]
[WhiteElo "2160"]
[BlackElo "2355"]
[PlyCount "81"]
[EventDate "1998.08.15"]

1. d4 f5 2. g3 Nf6 3. Bg2 g6 4. b3 Bg7 5. Bb2 O-O 6. Nf3 d6 7. O-O c6 8. Nbd2
h6 9. a4 g5 10. Ne1 d5 11. Nd3 Nbd7 12. e3 Qe8 13. Qe2 Ne4 14. Ne5 Nxe5 15.
dxe5 Be6 16. f4 Qg6 17. Ba3 Rf7 18. Rac1 Rd8 19. c3 Rd7 20. Rfd1 h5 21. Bf3 g4
22. Bxe4 fxe4 23. a5 h4 24. Bc5 a6 25. Bd4 Bf5 26. c4 e6 27. b4 Bf8 28. b5 c5
29. Bxc5 hxg3 30. Bxf8 gxh2+ 31. Qxh2 Rxf8 32. Nf1 Rh7 33. Qg2 Rd8 34. cxd5
exd5 35. b6 Qe8 36. Ng3 Bd7 37. Rxd5 Qe6 38. Rd6 Qb3 39. Qd2 Rh3 40. Kg2 Kf8
41. e6 1-0

[Event "AUT98_M-ch"]
[Site "Werfen"]
[Date "1998.08.15"]
[Round "8.19"]
[White "Grabher, Heinz"]
[Black "Kranewitter, Norbert"]
[Result "1/2-1/2"]
[WhiteElo "2285"]
[BlackElo "2180"]
[PlyCount "58"]
[EventDate "1998.08.15"]

1. e4 c6 2. Nc3 d5 3. Nf3 dxe4 4. Nxe4 Bf5 5. Ng3 Bg6 6. h4 h6 7. Ne5 Bh7 8.
Bc4 e6 9. Qe2 Qc7 10. d4 Nf6 11. Bf4 Qe7 12. O-O-O Nbd7 13. Kb1 Nb6 14. Bd3
Nbd5 15. Bd2 Bxd3 16. Qxd3 Qc7 17. Rhe1 O-O-O 18. c4 Nb4 19. Qe3 c5 20. Bxb4
cxb4 21. c5 Nd5 22. Qf3 f6 23. Ng6 Rg8 24. Rxe6 Qf7 25. Qf5 Kb8 26. Rde1 Nc7
27. Nxf8 Qxf8 28. Qf4 g5 29. hxg5 hxg5 1/2-1/2

[Event "AUT98_M-ch"]
[Site "Werfen"]
[Date "1998.08.15"]
[Round "8.20"]
[White "Rogetzer, Klaus"]
[Black "Senoner, Erich Jun"]
[Result "1-0"]
[WhiteElo "2210"]
[BlackElo "2160"]
[PlyCount "89"]
[EventDate "1998.08.15"]

1. d4 c5 2. d5 Nf6 3. c4 g6 4. Nc3 Bg7 5. e4 d6 6. f3 a6 7. Bg5 Nbd7 8. Nh3 Rb8
9. a4 h6 10. Be3 Ne5 11. Nf2 Bd7 12. Be2 g5 13. g3 Ng6 14. f4 Qb6 15. Rb1 Kf8
16. Kf1 Nh7 17. h4 Kg8 18. h5 Ngf8 19. Qd2 Bf6 20. e5 Bg7 21. Nfe4 Bf5 22. b4
dxe5 23. Bxc5 Qd8 24. Rd1 Nd7 25. Be3 g4 26. c5 Ndf6 27. Nxf6+ Nxf6 28. d6 e4
29. Bc4 exd6 30. cxd6 Qd7 31. a5 Rc8 32. Bc5 e3 33. Qxe3 Re8 34. Qd2 Be4 35.
Rh2 Bf3 36. Re1 Rxe1+ 37. Qxe1 Ne8 38. Rc2 Kh7 39. Bd3+ f5 40. Qe7 Qxe7 41.
Bxf5+ Kg8 42. dxe7 Kf7 43. Ne4 Bf6 44. Rd2 Bxe7 45. Rd7 1-0

[Event "AUT98_M-ch"]
[Site "Werfen"]
[Date "1998.08.15"]
[Round "8.21"]
[White "Wiedner, Robert"]
[Black "Steiner, Bruno"]
[Result "1-0"]
[WhiteElo "2190"]
[BlackElo "2185"]
[PlyCount "71"]
[EventDate "1998.08.15"]

1. c4 e5 2. Nc3 Nc6 3. g3 g6 4. Bg2 Bg7 5. e3 d6 6. Nge2 Be6 7. d4 exd4 8. exd4
Bxc4 9. O-O Nge7 10. d5 Ne5 11. f4 Nd7 12. Be3 O-O 13. g4 Re8 14. Bd4 Bxd4+ 15.
Qxd4 Bxe2 16. Nxe2 Nf5 17. gxf5 Rxe2 18. Bf3 Re8 19. Rac1 a5 20. fxg6 hxg6 21.
Rc3 f6 22. Kh1 Kf7 23. Rg1 Rg8 24. Re3 Nc5 25. f5 Re8 26. Rxg6 Rxe3 27. Qxe3
Qh8 28. Rh6 Qg7 29. Bh5+ Kf8 30. Bg6 Kg8 31. Rh7 Qxh7 32. Bxh7+ Kxh7 33. Qe7+
Kg8 34. Qxf6 Rf8 35. Qg6+ Kh8 36. f6 1-0

[Event "AUT98_M-ch"]
[Site "Werfen"]
[Date "1998.08.15"]
[Round "8.22"]
[White "Hinteregger, Arthur"]
[Black "Neihs, Harald"]
[Result "1/2-1/2"]
[WhiteElo "2160"]
[BlackElo "2180"]
[PlyCount "44"]
[EventDate "1998.08.15"]

1. d4 Nf6 2. Nf3 d5 3. e3 Bg4 4. Bd3 e6 5. O-O Bd6 6. Nbd2 Nbd7 7. h3 Bh5 8. c4
c5 9. b3 O-O 10. Bb2 cxd4 11. exd4 b6 12. Rc1 Rc8 13. Be2 Qe7 14. Ne5 Bxe2 15.
Qxe2 Ba3 16. Ndf3 Bxb2 17. Qxb2 dxc4 18. bxc4 Rc7 19. Rc2 Rfc8 20. Rfc1 Nxe5
21. Nxe5 Nd7 22. Nf3 h6 1/2-1/2

[Event "AUT98_M-ch"]
[Site "Werfen"]
[Date "1998.08.15"]
[Round "8.23"]
[White "Buerger, Thomas "]
[Black "Wersching, Alfred"]
[Result "1-0"]
[WhiteElo "2215"]
[BlackElo "2100"]
[PlyCount "83"]
[EventDate "1998.08.15"]

1. d4 f5 2. g4 fxg4 3. e4 d5 4. e5 c5 5. h3 g3 6. fxg3 cxd4 7. Qxd4 Nc6 8. Bb5
a6 9. Bxc6+ bxc6 10. Nf3 e6 11. Bg5 Qa5+ 12. Nbd2 Bc5 13. Qd3 Rb8 14. b3 Qb6
15. Rf1 a5 16. Nh4 Ne7 17. Rd1 Ba6 18. c4 Qc7 19. Qe2 Rf8 20. Bf4 Nf5 21. Nxf5
Rxf5 22. g4 Rf7 23. Rf3 a4 24. Bg3 axb3 25. axb3 Bb4 26. Rxf7 Kxf7 27. Qd3 Kg8
28. Kf2 Qa5 29. Kg2 Qa3 30. Nf3 Bc5 31. Ng5 g6 32. Qf3 Rf8 33. Qd3 Qb2+ 34. Rd2
dxc4 35. Qd7 Qxd2+ 36. Qxd2 Be7 37. Nxe6 Rb8 38. Qd7 Bf8 39. bxc4 Bxc4 40. Nxf8
Bd5+ 41. Kf2 Rxf8+ 42. Ke3 1-0

[Event "AUT98_M-ch"]
[Site "Werfen"]
[Date "1998.08.15"]
[Round "8.24"]
[White "Gerhold, Michael"]
[Black "Steinermayr, Thomas"]
[Result "0-1"]
[WhiteElo "2265"]
[BlackElo "2220"]
[PlyCount "62"]
[EventDate "1998.08.15"]

1. e4 e5 2. Nf3 Nc6 3. Bc4 Nf6 4. d3 Be7 5. O-O O-O 6. a4 d6 7. c3 h6 8. a5 a6
9. Qb3 Nh7 10. Be3 Ng5 11. Nbd2 Bf6 12. Ne1 Ne6 13. g3 Ned4 14. cxd4 exd4 15.
Bxh6 gxh6 16. f4 Bh3 17. Ng2 Ne7 18. e5 Bg7 19. exd6 cxd6 20. Bd5 Rb8 21. Rfe1
b6 22. Bf3 bxa5 23. Qa3 Nf5 24. Nc4 Ne3 25. Rac1 Nxc4 26. Rxc4 Qb6 27. Re2 Qb3
28. Ra4 Qd1+ 29. Kf2 Rb3 30. Qxd6 Rxd3 31. Bc6 Bxg2 0-1

[Event "AUT98_M-ch"]
[Site "Werfen"]
[Date "1998.08.16"]
[Round "9.2"]
[White "Stanec, Nikolaus"]
[Black "Kummer, Helmut"]
[Result "1-0"]
[WhiteElo "2495"]
[BlackElo "2315"]
[PlyCount "82"]
[EventDate "1998.08.15"]

1. d4 d5 2. c4 e6 3. Nc3 Nf6 4. Bg5 Be7 5. e3 O-O 6. Nf3 h6 7. Bh4 Ne4 8. Bxe7
Qxe7 9. Qc2 c6 10. Bd3 f5 11. Ne5 Qe8 12. f4 Nxc3 13. Qxc3 Nd7 14. Nf3 Nf6 15.
c5 Bd7 16. h3 Qe7 17. Rg1 b6 18. O-O-O bxc5 19. dxc5 Be8 20. Rd2 Nd7 21. Rc2
Bg6 22. Nd4 Rac8 23. g4 e5 24. Nxf5 Bxf5 25. Bxf5 exf4 26. exf4 Rce8 27. Kb1
Nf6 28. Bg6 Qe3 29. Bxe8 Qxg1+ 30. Rc1 Ne4 31. Qc2 Qe3 32. Bxc6 Nd2+ 33. Ka1 d4
34. Bd5+ Kh8 35. c6 d3 36. Qc3 Qxf4 37. Rd1 Re8 38. a3 Ne4 39. Bxe4 Qxe4 40.
Rxd3 Qh7 41. Ka2 Qe4 1-0

[Event "AUT98_M-ch"]
[Site "Werfen"]
[Date "1998.08.16"]
[Round "9.3"]
[White "Wach, Markus"]
[Black "Danner, Georg"]
[Result "1-0"]
[WhiteElo "2395"]
[BlackElo "2340"]
[PlyCount "91"]
[EventDate "1998.08.15"]

1. e4 c5 2. c3 d5 3. exd5 Qxd5 4. d4 Nc6 5. Nf3 Nf6 6. Be2 e6 7. O-O Be7 8. c4
Qd6 9. dxc5 Qc7 10. a3 a5 11. Nc3 Bxc5 12. Nb5 Qe7 13. Be3 O-O 14. Bxc5 Qxc5
15. Qd6 Ne4 16. Qc7 Rd8 17. Rad1 Rxd1 18. Bxd1 h6 19. Bc2 f5 20. Bxe4 fxe4 21.
Nd2 Qe5 22. Nd6 e3 23. fxe3 Qxe3+ 24. Rf2 Ne5 25. Nf1 Qd4 26. Nb5 Qe4 27. Rf8+
Kh7 28. Rxc8 Rxc8 29. Qxc8 Nxc4 30. Qc5 Nxb2 31. Nd6 Qd3 32. Nxb7 Nc4 33. a4
Nd2 34. Nxd2 Qxd2 35. h3 Qd1+ 36. Kh2 Qxa4 37. Qe5 g5 38. Nxa5 g4 39. h4 Qc2
40. Nb7 Qf5 41. Qxf5+ exf5 42. Kg3 Kg6 43. Kf4 Kh5 44. g3 Kg6 45. Nd6 Kh5 46.
Nxf5 1-0

[Event "AUT98_M-ch"]
[Site "Werfen"]
[Date "1998.08.16"]
[Round "9.4"]
[White "Weiss, Christian"]
[Black "Kwatschewsky, Leo "]
[Result "1/2-1/2"]
[WhiteElo "2370"]
[BlackElo "2275"]
[PlyCount "169"]
[EventDate "1998.08.15"]

1. d4 Nf6 2. Bg5 d5 3. Bxf6 exf6 4. e3 Be7 5. c4 O-O 6. Nc3 dxc4 7. Bxc4 c6 8.
Nf3 Nd7 9. Qc2 Re8 10. Qb3 Rf8 11. O-O Qa5 12. Be2 Nb6 13. Rfd1 Be6 14. Qc2 f5
15. Ne5 Rfd8 16. a3 Nd7 17. Nc4 Qc7 18. b4 Nb6 19. Na5 Rac8 20. Rac1 g6 21. Bf3
Nd5 22. Na4 Rb8 23. Qd2 Nb6 24. Nc3 Nc4 25. Nxc4 Bxc4 26. Qb2 Qd6 27. d5 Bxd5
28. Bxd5 cxd5 29. Nxd5 Rbc8 30. Rxc8 Rxc8 31. g3 a6 32. Qd4 b5 33. Qa1 Bd8 34.
a4 bxa4 35. Qxa4 Bf6 36. Qd7 Rc6 37. Ne7+ Qxe7 38. Qxc6 Kg7 39. Qd6 Qe4 40.
Qxa6 Qxb4 41. Qa2 Qb7 42. Qd5 Qc7 43. Rb1 Qc8 44. Rb7 Qe8 45. Kg2 Bc3 46. f3
Bf6 47. h4 h5 48. Ra7 Be5 49. Rd7 Bf6 50. e4 fxe4 51. fxe4 Be5 52. Kf3 Bb8 53.
Rb7 Be5 54. g4 hxg4+ 55. Kxg4 Kf6 56. Rb6+ Kg7 57. Rc6 Qb8 58. Rc5 Kf6 59. Qc6+
Kg7 60. Qb5 Qd8 61. Rd5 Qc8+ 62. Rd7 Qc3 63. Qd3 Qa1 64. Qd1 Qa2 65. Kf3 Qh2
66. Qd5 Qh1+ 67. Ke2 Qg2+ 68. Kd3 Qf1+ 69. Kc2 Qe2+ 70. Kb3 Qb2+ 71. Ka4 Qa1+
72. Kb5 Qb2+ 73. Kc5 Qc3+ 74. Qc4 Qa5+ 75. Kc6 Qa8+ 76. Kb5 Qe8 77. Qd5 Bf6 78.
Ka4 Kg8 79. Kb3 Kg7 80. Kc2 Kg8 81. Kd3 Kg7 82. Ke2 Bxh4 83. e5 Bf6 84. Kf3
Bxe5 85. Rb7 1/2-1/2

[Event "AUT98_M-ch"]
[Site "Werfen"]
[Date "1998.08.16"]
[Round "9.5"]
[White "Neubauer, Martin "]
[Black "Herndl, Harald "]
[Result "1/2-1/2"]
[WhiteElo "2305"]
[BlackElo "2375"]
[PlyCount "116"]
[EventDate "1998.08.15"]

1. e4 e6 2. Nc3 d5 3. d4 Nf6 4. e5 Nfd7 5. f4 c5 6. Nf3 Nc6 7. Be3 a6 8. Qd2 b5
9. Be2 Qb6 10. Nd1 a5 11. O-O b4 12. c3 Ba6 13. Bxa6 Rxa6 14. Bf2 g6 15. Bh4
Bg7 16. Ne3 O-O 17. Rad1 Rb8 18. f5 bxc3 19. bxc3 cxd4 20. cxd4 gxf5 21. Kh1
Qb2 22. Qe1 Rb4 23. Rf2 Qa3 24. Nc2 Qa4 25. Nxb4 Nxb4 26. Be7 Rc6 27. Bxb4 axb4
28. Rb2 h6 29. Rdb1 Bf8 30. Qg3+ Kh7 31. Qf2 Nb6 32. Rg1 Rc3 33. Re2 Qa3 34.
Nh4 Be7 35. Nxf5 exf5 36. Qxf5+ Kh8 37. Qxf7 b3 38. Rf2 Rc8 39. axb3 Rf8 40.
Qg6 Rxf2 41. Qxh6+ Kg8 42. Qxb6 Kf7 43. Qb5 Qa8 44. Rf1 Rxf1+ 45. Qxf1+ Kg6 46.
h3 Qa7 47. Qd1 Qb6 48. Kh2 Bg5 49. Qg4 Kh6 50. h4 Be7 51. Qd7 Bxh4 52. Qxd5 Bf2
53. Qd6+ Qxd6 54. exd6 Bxd4 55. d7 Bb6 56. g4 Kg5 57. Kg3 Kf6 58. Kf4 Ke7
1/2-1/2

[Event "AUT98_M-ch"]
[Site "Werfen"]
[Date "1998.08.16"]
[Round "9.6"]
[White "Casagrande, Harald"]
[Black "Titz, Heimo"]
[Result "1-0"]
[WhiteElo "2360"]
[BlackElo "2310"]
[PlyCount "105"]
[EventDate "1998.08.15"]

1. c4 c5 2. g3 Nc6 3. Bg2 g6 4. Nc3 Bg7 5. Nf3 d6 6. O-O Nf6 7. d4 cxd4 8. Nxd4
Bd7 9. Nc2 O-O 10. b3 Qa5 11. Bb2 Ne4 12. Bxe4 Bxc3 13. Bxc3 Qxc3 14. Bg2 Rab8
15. Ne3 Be6 16. Rc1 Qa5 17. Qc2 Rfc8 18. Qb2 Qe5 19. Qb1 a5 20. Rfd1 f5 21. Nd5
b6 22. Rd3 Bxd5 23. Bxd5+ Kh8 24. Re3 Qg7 25. h4 Nd4 26. Qd3 e5 27. Qd2 Rc5 28.
Rd3 Rbc8 29. Kf1 Qc7 30. Bg2 d5 31. e3 dxc4 32. exd4 cxd3 33. dxc5 e4 34. Qc3+
Qg7 35. c6 Qxc3 36. Rxc3 Kg7 37. c7 Kf6 38. f3 Ke5 39. fxe4 Kd4 40. Rc4+ Ke3
41. Ke1 b5 42. Rc5 d2+ 43. Kd1 Kf2 44. exf5 Kxg2 45. fxg6 hxg6 46. g4 Kf3 47.
h5 gxh5 48. gxh5 Ke3 49. Rc3+ Kd4 50. Kxd2 Kd5 51. h6 Kd6 52. h7 Kd7 53. a4 1-0

[Event "AUT98_M-ch"]
[Site "Werfen"]
[Date "1998.08.16"]
[Round "9.9"]
[White "Hellmayr, Alois "]
[Black "Duer, Werner"]
[Result "1/2-1/2"]
[WhiteElo "2240"]
[BlackElo "2310"]
[PlyCount "66"]
[EventDate "1998.08.15"]

1. c4 c6 2. Nf3 d5 3. cxd5 cxd5 4. b3 Nc6 5. Bb2 Nf6 6. e3 Bg4 7. Be2 e6 8. h3
Bxf3 9. Bxf3 Bd6 10. Nc3 O-O 11. O-O Rc8 12. d3 Bb8 13. g3 d4 14. exd4 Qxd4 15.
Na4 Qd6 16. Re1 Rfd8 17. Be4 Nxe4 18. dxe4 Qe7 19. Qe2 Be5 20. Bxe5 Nxe5 21.
Rac1 Nc6 22. Red1 Nd4 23. Qe3 e5 24. Nc3 Qa3 25. Kg2 f6 26. Rd3 Rd7 27. Rcd1
Qc5 28. Ne2 Rcd8 29. Qc1 Qxc1 30. Nxc1 Rd6 31. Ne2 Nb5 32. Rxd6 Rxd6 33. Rxd6
Nxd6 1/2-1/2

[Event "AUT98_M-ch"]
[Site "Werfen"]
[Date "1998.08.16"]
[Round "9.10"]
[White "Posch, Werner"]
[Black "Rolletschek, Heinrich "]
[Result "1/2-1/2"]
[WhiteElo "2295"]
[BlackElo "2300"]
[PlyCount "39"]
[EventDate "1998.08.15"]

1. e4 e5 2. Nc3 Nc6 3. Bc4 Nf6 4. d3 Bc5 5. f4 d6 6. Nf3 Na5 7. Bb3 Nxb3 8.
axb3 Qe7 9. Na4 Nd7 10. Nxc5 Nxc5 11. b4 Nd7 12. O-O exf4 13. Bxf4 O-O 14. Qd2
Ne5 15. Bxe5 dxe5 16. Ra5 f6 17. Rfa1 a6 18. Qc3 b6 19. R5a3 Bb7 20. Qc4+ { }
1/2-1/2

[Event "AUT98_M-ch"]
[Site "Werfen"]
[Date "1998.08.16"]
[Round "9.11"]
[White "Hardt, Christian"]
[Black "Hiermann, Dietmar"]
[Result "0-1"]
[WhiteElo "2135"]
[BlackElo "2205"]
[PlyCount "71"]
[EventDate "1998.08.15"]

1. e4 d5 2. exd5 Qxd5 3. Nc3 Qa5 4. Nf3 Nf6 5. h3 c6 6. Bc4 Bf5 7. O-O e6 8.
Re1 Nbd7 9. d4 Qc7 10. a4 h6 11. Ne5 Nxe5 12. dxe5 Nd7 13. Qe2 Be7 14. Bf4 Bb4
15. Bd2 Qa5 16. Bd3 Bxd3 17. cxd3 O-O-O 18. d4 Nb6 19. Ne4 Bxd2 20. Nxd2 Rd5
21. b4 Qxb4 22. Nf3 Qa5 23. Rec1 Rhd8 24. Qc2 g6 25. Qb3 Kb8 26. Qa3 Nc8 27.
Qb3 Ne7 28. g4 g5 29. Qa3 Ng6 30. Rc2 Qa6 31. Qb2 Nf4 32. Kh2 R5d7 33. Rac1 Qd3
34. Rc3 Qe2 35. R1c2 Qf1 36. Ng1 0-1

[Event "AUT98_M-ch"]
[Site "Werfen"]
[Date "1998.08.16"]
[Round "9.12"]
[White "Schumi, Manfred "]
[Black "Wittmann, Walter "]
[Result "1-0"]
[WhiteElo "2260"]
[BlackElo "2380"]
[PlyCount "61"]
[EventDate "1998.08.15"]

1. e4 c5 2. Nf3 d6 3. d4 cxd4 4. Nxd4 Nf6 5. Nc3 Nc6 6. g3 e6 7. Bg2 Bd7 8. O-O
Be7 9. a4 O-O 10. Be3 a6 11. Nb3 Na5 12. Nxa5 Qxa5 13. g4 Bc6 14. g5 Ne8 15.
Qd2 Kh8 16. f4 f6 17. h4 f5 18. b4 Qc7 19. a5 fxe4 20. Nxe4 Bxe4 21. Bxe4 d5
22. Bd3 Nd6 23. Bd4 Nf5 24. Bxf5 Rxf5 25. Rae1 Bd6 26. Rxe6 Bxf4 27. Qd3 Bh2+
28. Kh1 Rxf1+ 29. Qxf1 Bf4 30. Qd3 Qd7 31. Rh6 1-0

[Event "AUT98_M-ch"]
[Site "Werfen"]
[Date "1998.08.16"]
[Round "9.13"]
[White "Roth, Peter"]
[Black "Hebesberger, Thomas"]
[Result "0-1"]
[WhiteElo "2275"]
[BlackElo "2195"]
[PlyCount "126"]
[EventDate "1998.08.15"]

1. e4 c5 2. Nf3 d6 3. Nc3 Nf6 4. d4 cxd4 5. Nxd4 g6 6. Be3 Bg7 7. f3 Nc6 8. Qd2
O-O 9. O-O-O Nxd4 10. Bxd4 Be6 11. Kb1 Qc7 12. h4 Rfc8 13. h5 Qa5 14. hxg6 fxg6
15. a3 Rab8 16. Bxf6 Bxf6 17. Nd5 Qxd2 18. Nxf6+ exf6 19. Rxd2 Rd8 20. Be2 b5
21. Rhd1 Rb6 22. b3 Kf8 23. f4 Ke7 24. g4 Rc8 25. Kb2 a6 26. Bf3 Rc5 27. Rh1
Bg8 28. Rdh2 a5 29. Be2 d5 30. exd5 Rxd5 31. Bd3 Kf8 32. Re1 Rd4 33. Rhe2 Bf7
34. Re7 Rxf4 35. Ra7 Rxg4 36. Ree7 Bg8 37. Rec7 Rb8 38. Bxb5 h5 39. Bd7 f5 40.
Ra6 Rg3 41. Ba4 Bd5 42. Rxa5 Rd8 43. b4 h4 44. b5 Rb8 45. c4 Be4 46. Rh7 Kg8
47. Rxh4 g5 48. Rh2 f4 49. Bb3 g4 50. c5+ Rxb3+ 51. Kxb3 f3 52. Rh4 Bf5 53. Ra4
Rxb5+ 54. Kc3 Rxc5+ 55. Kd2 Rc2+ 56. Kd1 Rg2 57. Rf4 Bd7 58. Ke1 Kg7 59. a4 Kg6
60. Rd4 Rg1+ 61. Kf2 Rg2+ 62. Ke1 Be8 63. Rh8 f2+ 0-1

[Event "AUT98_M-ch"]
[Site "Werfen"]
[Date "1998.08.16"]
[Round "9.16"]
[White "Genser, Harald"]
[Black "Pilaj, Herwig"]
[Result "1/2-1/2"]
[WhiteElo "2155"]
[BlackElo "2215"]
[PlyCount "24"]
[EventDate "1998.08.15"]

1. e4 e5 2. Nf3 Nc6 3. Bb5 a6 4. Ba4 Nf6 5. O-O b5 6. Bb3 Be7 7. Re1 d6 8. h3
O-O 9. c3 Re8 10. Ng5 Rf8 11. Nf3 Re8 12. Ng5 12... Rf8 { } 1/2-1/2

[Event "AUT98_M-ch"]
[Site "Werfen"]
[Date "1998.08.16"]
[Round "9.19"]
[White "Freitag, Manfred"]
[Black "Hinteregger, Arthur"]
[Result "1-0"]
[WhiteElo "2400"]
[BlackElo "2160"]
[PlyCount "63"]
[EventDate "1998.08.15"]

1. d4 Nf6 2. c4 g6 3. Nc3 Bg7 4. e4 d6 5. f3 O-O 6. Bg5 c5 7. d5 e6 8. Qd2 exd5
9. Nxd5 Be6 10. Ne2 Bxd5 11. cxd5 b5 12. Nc3 a6 13. Be2 Nbd7 14. O-O Re8 15. a4
b4 16. Nd1 a5 17. Bb5 Qc7 18. Ne3 Rec8 19. Rac1 Nb6 20. Kh1 h6 21. Bh4 Kh7 22.
b3 Ra7 23. Qd3 Kg8 24. f4 Nfd7 25. e5 dxe5 26. d6 Qb7 27. f5 e4 28. Qe2 Ne5 29.
Be7 Nd5 30. Nxd5 Qxd5 31. Rfd1 Nd3 32. Bc4 1-0

[Event "AUT98_M-ch"]
[Site "Werfen"]
[Date "1998.08.16"]
[Round "9.21"]
[White "Neuschmied, Siegfried"]
[Black "Grabher, Heinz"]
[Result "0-1"]
[WhiteElo "2200"]
[BlackElo "2285"]
[PlyCount "52"]
[EventDate "1998.08.15"]

1. Nf3 d5 2. g3 Nc6 3. Bg2 Bg4 4. d3 Qd7 5. h3 Bf5 6. Nh4 Nf6 7. c4 Be6 8. b3
O-O-O 9. Nc3 Nd4 10. Be3 Nc6 11. Bg5 d4 12. Na4 h6 13. Bd2 g5 14. Nf3 Bf5 15.
b4 e5 16. b5 Nb8 17. Qb3 e4 18. dxe4 Nxe4 19. Bb4 d3 20. Rd1 Bxb4+ 21. Qxb4 Qe6
22. e3 Nxg3 23. Nc5 Qe7 24. Nxd3 Qxb4+ 25. Nxb4 Rxd1+ 26. Kxd1 Nxh1 0-1